#Taiwan All stations in Taipei metro MRT - Statistics

General Stats
  • This quiz has been taken 61 times
  • The average score is 60 of 135
Answer Stats
Hint Answer Hint % Correct
R03 Taipei 101/ World Trade Center Once the tallest building in the world
86%
BL12 | R10 Taipei Main Station Also train and HSR station
86%
R28 Tamsui
84%
BL11 | G12 Ximen
84%
BR01 Taipei Zoo
78%
BR09 | R05 Da'an
76%
G01 Xindian near to Bitan
73%
BL22 Nangang Also train and HSR station
70%
G19 Songshan Also train station
70%
BL07 | Y16 Banqiao Also train and HSR station
68%
R22 Beitou
65%
R06 Da'an Park
62%
O06 | R07 Dongmen
62%
R09 NTU Hospital
62%
R16 Shilin
62%
R02 Xiangshan
62%
G14 | R11 Zhongshan
62%
BL15 | BR10 Zhongxiao-Fuxing
62%
G13 Beimen
59%
BL23 | BR24 Taipei Nangang Exhibition Center
59%
BL01 Dingpu
57%
R15 Jiantan
57%
BL10 Longshan Tample Near to Wanhua train station
57%
BL13 Shandao Temple Near to Huashan
57%
G11 Xiaonanmen
57%
R04 Xinyi-Anhe
57%
BL14 | O07 Zhongxiao-Xinsheng
57%
BL05 Far Eastern Hospital
54%
G07 Gongguang near to NTU
54%
BL18 Taipei City Hall
54%
R27 Hongshulin
51%
BR13 Songshan Airport
51%
G03A Xiaobitan
51%
R22A Xinbeitou
51%
R14 Yuanshan
51%
BL16 Zhongxiao-Dunhua
51%
R08 Chiang Kai Shik Memorial Hall
49%
G05 Jingmei
49%
BR11 | G16 Nanjing-Fuxing
49%
G10 Chiang Kai Shik Memorial Hall
46%
BL17 Dr. Sun Yat-Sen Memorial Hall
46%
G09 | O05 Guting
46%
O11 | R13 Minquan West Road
46%
BR02 Muzha
46%
BR19 Neihu
46%
O15 Sanchong
46%
R12 Shuanglian
46%
G08 Taipower Building
46%
BL03 Tucheng
46%
BL08 Xinpu
46%
O21 Huilong
43%
BL09 Jiangzucui
43%
O54 Luzhou
43%
G03 Qizhang
43%
G17 Taipei Arena
43%
BL02 Yongning
43%
Y12 Zhonghe
43%
G04 | Y07 Dapinglin
41%
R19 Shipai
41%
O13 Taipei Bridge
41%
BR08 Technology Building
41%
BR03 Wanfang Community station with the least popularity
41%
BR04 Wanfang Hospital
41%
O12 Daqiaotou near to Dadaocheng
38%
BR15 Jiannan Road
38%
G18 Nanjing-Sanmin
38%
O01 Nanshijiao
38%
G15 | O08 Songjiang-Nanjing
38%
O09 Xingtian Temple
38%
BR14 Dazhi
35%
BR22 Donghu
35%
BL06 Fuzhong
35%
BL04 Haishan
35%
G06 Wanlong
35%
G02 Xindian District Office
35%
Y19 Xingfu
35%
BR05 Xinhai
35%
O03 Yong'an Marcket
35%
BL19 Yongchun
35%
R17 Zhishan
35%
BL21 Kunyang
32%
BR07 Liuzhangli
32%
Y20 New Taipei Industrial Park
32%
R20 Qili'an
32%
O10 Zhongshan elementary school
32%
BR20 Dahu Park
30%
O19 Fujen University
30%
BR17 Gangqian
30%
R25 Guangdu
30%
BL20 Houshanpi Near to Wufenpu
30%
O02 | Y11 Jing'an
30%
R18 Mingde
30%
O50 Sanchong elementary school
30%
Y08 Shisizhang
30%
O52 St. Ignatius high School
30%
O18 Xinzhuang
30%
BR12 Zhongshan Junior high School
30%
Y15 Banxin
27%
BR06 Linguang
27%
BR23 Nangang software park
27%
R26 Zhuwei
27%
R23 Fuxinggang
24%
O53 Sanmin Senior high School
24%
BR16 Xihu
24%
Y17 Xinpu-Minsheng
24%
R24 Zhongyi
24%
O04 Dingxi
22%
BR21 Huzhou
22%
R21 Qiyan
22%
O51 Sanhe Junior high School
22%
Y09 Xiulang Bridge
22%
O14 Cailiao
19%
O20 Danfeng
19%
Y10 Jingping
19%
O17 | Y18 Touqianzhuang
19%
BR18 Wende
19%
O16 Xianse Temple
16%
Y13 Qiaohe
14%
Y14 Zhongyuan
14%
No matching quizzes found
Score Distribution
Percent of People with Each Score
Percentile by Number Answered
Your Score History
You have not taken this quiz